Statistiques concernant Olympique lyonnais : meilleurs buteurs des années 2000

Cliquez ici pour prendre le quiz!

Statistiques générales

  • Ce quiz a été pris 950 fois
  • Le résultat moyen est 13 sur 20

Statistiques - réponses

ButsRéponse% Correct
129LACAZETTE
94%
100JUNINHO
91%
69FEKIR
86%
82LISANDRO
86%
66BENZEMA
85%
77GOVOU
81%
94ANDERSON
79%
35MEMPHIS
79%
95GOMIS
76%
43FRED
57%
29TOLISSO
57%
35BASTOS
56%
33MALOUDA
53%
32WILTORD
49%
27CRIS
47%
35CORNET
45%
28TRAORE
44%
34BRIAND
42%
22KALLSTROM
33%
46LUYINDULA
19%

Distribution des résultats

Percentile par nombre de réponses

% des personnes avec chaque résultat

Votre développement - résultats

Vous n’avez pas pris ce quiz